| Tag |
First Indicator |
Second Indicator |
Subfields |
| LEADER |
00000cam a2200000 a 4500 |
| 001 |
in00000474521 |
| 005 |
20151012172245.0 |
| 008 |
830218s1981 enka 00110 eng d |
| 020 |
|
|
|a 0861080793
|
| 035 |
|
|
|a (OCoLC)09234764
|
| 035 |
|
|
|9 ACA1456AM
|
| 040 |
|
|
|a VPI
|c VPI
|d TXA
|d UtOrBLW
|
| 049 |
|
|
|a TXAM
|c [1656738]
|
| 090 |
|
|
|a TJ1280
|b B94513
|
| 100 |
1 |
|
|a Burkart, Walter.
|
| 245 |
1 |
0 |
|a Grinding and polishing :
|b theory and practice.
|
| 264 |
|
1 |
|a Redhill [Surrey] :
|b Portcullis Press,
|c 1981.
|
| 300 |
|
|
|a xvi, 345 pages :
|b illustrations ;
|c 24 cm.
|
| 336 |
|
|
|a text
|b txt
|2 rdacontent
|
| 337 |
|
|
|a unmediated
|b n
|2 rdamedia
|
| 338 |
|
|
|a volume
|b nc
|2 rdacarrier
|
| 500 |
|
|
|a "Based on the 4th edition of the book Handbuch fur das Schleifen und Polieren by Burkart/Schmotz published in German by Eugen G. Leuze Verlag, D7968 Saulgau/Wurtt."
|
| 500 |
|
|
|a Includes index.
|
| 650 |
|
0 |
|a Grinding and polishing.
|
| 700 |
1 |
|
|a Schmotz, Karl.
|
| 999 |
|
|
|a MARS
|
| 999 |
f |
f |
|s 729ca8c6-7cd8-304a-a194-6a0f37fa082c
|i 04eb7903-77e0-3c56-bf7e-4e024be7a224
|t 0
|
| 952 |
f |
f |
|p normal
|a Texas A&M University
|b College Station
|c Sterling C. Evans Library
|d Evans: Library Stacks
|t 0
|e TJ1280 B94513
|h Library of Congress classification
|i unmediated -- volume
|m A14807232752
|
| 998 |
f |
f |
|a TJ1280 B94513
|t 0
|l Evans: Library Stacks
|